000 00358nam a2200133 a 4500
005 20140412111414.0
008 070703s19uu xx 00 eng d
020 _a1-85830-495-4
050 _aER
_bW11 1997
100 _aBlyton, Enid
245 _aWanted- a hot water bottle /
_cEnid Blyton.
260 _aLondon :
_bGrandreams ltd,
_c1997.
999 _c105762
_d105762